Statistiques concernant Quiz Anatomie (Compliqué)

Cliquez ici pour prendre le quiz!

Statistiques générales

  • Ce quiz a été pris 535 fois
    (506 depuis la dernière actualisation)
  • Le résultat moyen est 9 sur 15

Statistiques - réponses

QuestionRéponse% Correct
Combien possédons nous de paires de côtes ?12
86%
De combien de vaisseaux est formé le quadriceps fémoral ?4
68%
L’os sphénoïde fait partiDe la tête
67%
Quel est le plus petit os du corps humain ?L’étrier
67%
Quel ligament du genou permet d’empêcher le tibia de glisser vers l’avantLe croisé antérieur
64%
Quel os fait partie le tarse ?Le cuboïde
63%
Le sacrum est formé de combien de vertèbres soudées ?5
62%
De combien de muscles est composé la pâte d’oie ?3
59%
Le sang oxygène sort par quelle partie du cœur ?Ventricule gauche
55%
Combien de muscle forment l’ischio-jambiers?3
51%
Le carré des lombes s’attache une partie sur la12e côte
49%
De combien de pourcentage d’eau est généralement composé un muscle squelettique ?75%
49%
Le triceps brachial est innervé par le nerfRadial
47%
Quel est le 11e nerf crânien ?Nerf accesoire
46%
Comment s’appelle la partie de l’encéphale qui assure la jonction de la moelle épinière et du cerveau ?Le bulbe rachidien
27%

Distribution des résultats

Percentile par nombre de réponses

% des personnes avec chaque résultat

Votre développement - résultats

Vous n’avez pas pris ce quiz depuis la dernière actualisation